01052nam 22002053 4500001000700000090001100007100004100018200016400059210003200223215004100255300019800296675002500494675001900519700004500538801001800583830002900601990001100630995010200641995010300743202820 a202820 a20260701d u||y0pory50 ba aAspects of time, place and thematic content in the prose fiction of José Rodrigues Miguéis as indications of yhe artist's WeltansichtfJohn Austin Kerr, Jr aWisconsincUniversityd1970 a2 vols (1046 p.)cencadernadod28 cm aA thesis present to the Graduate School of the University of Wisconsin in partial fulfillment of the requirements for the degree of Doctor of Philosophy Contém dedicatória na folha de rosto a821.111(73)vUSzeng a82.09vUszeng 917676aKerr, Jr.bJohn Austinf1934-2025 aPTbBMMNgRPC cAna FalardofAna Falardo cLIVROS 002052026-07-01932630bBMMNf32341k82.09 KER|SAF vol.Io0rLIVROSuAcesso CondicionadosOferta 002052026-07-01932631bBMMNf32342k82.09 KER|SAF vol.IIo0rLIVROSuAcesso CondicionadosOferta